Ont-ils déjà joué avec... Scarlett Johansson ? - Statistiques

Statistiques générales
  • Ce quiz a été pris 27 fois
  • Le résultat moyen est 3 sur 10
Answers on the Grid
Answers color-coded by a green-red scale on the quiz's grid according to % correct below.
Robin Williams
Patrick Dempsey
Brie Larson
Marion Cotillard
Forest Whitaker
Tom Hanks
Susan Sarandon
Maggie Smith
Omar Sy
Laurence Fishburne
Léa Seydoux
Robert Pattinson
F. Murray Abraham
Jennifer Lawrence
Joseph Gordon-Levitt
Frances McDormand
Benedict Cumberbatch
Kristin Scott Thomas
Steve Buscemi
Robert Redford
 
Statistiques - réponses
Réponse % Correct
Benedict Cumberbatch
70%
Brie Larson
61%
Robert Redford
43%
Joseph Gordon-Levitt
39%
F. Murray Abraham
26%
Tom Hanks
26%
Frances McDormand
17%
Steve Buscemi
17%
Kristin Scott Thomas
13%
Laurence Fishburne
13%
Aucun quiz correspondant
Distribution des résultats
% des personnes avec chaque résultat
Percentile par nombre de réponses
Votre historique - résultats
Vous n’avez pas pris ce quiz